Leisure and tourism GNVQ: advanced textbook (Record no. 82172)

MARC details
000 -LEADER
fixed length control field 00737nam a2200169 a 4500
008 - FIXED-LENGTH DATA ELEMENTS--GENERAL INFORMATION
fixed length control field 120416s1996 ||||||||||||||||| || u
020 ## - INTERNATIONAL STANDARD BOOK NUMBER
International Standard Book Number 0750621559
050 ## - LIBRARY OF CONGRESS CALL NUMBER
Classification number GV 188.3 Lei
100 ## - MAIN ENTRY--PERSONAL NAME
Personal name Trigg, Peter
245 10 - TITLE STATEMENT
Title Leisure and tourism GNVQ: advanced textbook
Statement of responsibility, etc. edited by Peter Trigg
260 ## - PUBLICATION, DISTRIBUTION, ETC.
Place of publication, distribution, etc. Oxford
Name of publisher, distributor, etc. Butterworth-Heinemann
Date of publication, distribution, etc. 1996
350 ## -
-- 0.00
650 ## - SUBJECT ADDED ENTRY--TOPICAL TERM
Topical term or geographic name entry element LEISURE
650 ## - SUBJECT ADDED ENTRY--TOPICAL TERM
Topical term or geographic name entry element LEISURE AND TOURISM
995 ## -
-- MAIN LIBRARY OPEN ACCESS
-- 0.00
-- 730842
-- CBU-MAIN LIBRARY (Kitwe)
-- 1
-- 22.95
-- GV 188.3 Lei
-- 1
-- AVAILABLE
-- 028000
-- Main Library Open Access Collection
995 ## -
-- MAIN LIBRARY OPEN ACCESS
-- 0.00
-- 731025
-- CBU-MAIN LIBRARY (Kitwe)
-- 2
-- 22.95
-- GV 188.3 Lei
-- 2
-- AVAILABLE
-- 028245
-- Main Library Open Access Collection
999 ## -
-- 82172
-- 82172

No items available.